<?xml version="1.0" encoding="UTF-8"?>
<collection xmlns:xsi="http://www.w3.org/2001/XMLSchema-instance" xsi:schemaLocation="http://www.loc.gov/MARC21/slim http://www.loc.gov/standards/marcxml/schema/MARC21slim.xsd" xmlns="http://www.loc.gov/MARC21/slim">
 <record>
  <leader>00000caa a22000004a 4500</leader>
  <controlfield tag="001">UP-8027390931312542966</controlfield>
  <controlfield tag="003">Buklod</controlfield>
  <controlfield tag="005">20210715135032.0</controlfield>
  <controlfield tag="006">o--- |     ||   ||</controlfield>
  <controlfield tag="007">ta</controlfield>
  <controlfield tag="008">210715s        xx     d     r    |||| u|</controlfield>
  <datafield tag="035" ind1=" " ind2=" ">
   <subfield code="a">(iLib)UPCEB-00012051799</subfield>
  </datafield>
  <datafield tag="040" ind1=" " ind2=" ">
   <subfield code="a">emz</subfield>
  </datafield>
  <datafield tag="245" ind1="0" ind2="0">
   <subfield code="a">Community-Engaged Learning and Precollege Philosophy During Neoliberalism.</subfield>
  </datafield>
  <datafield tag="300" ind1=" " ind2=" ">
   <subfield code="a">pp. 389-410</subfield>
  </datafield>
  <datafield tag="520" ind1=" " ind2=" ">
   <subfield code="a">Precollege philosophy programs provide young people with alternative spaces to ask questions and develop critical perspectives on their experiences, but neoliberal school management practices make the creation of these spaces increasingly difficult. Relying on my own experience as an instructor of a community-engaged course that focuses on precollege philosophy, I investigate how college and university professors and students can create philosophical learning opportunities for high school students without participating in the culture of volunteerism demanded by neoliberal logic. I argue that the work my university students perform in the community-engaged course is a win-win that undermines neoliberalism?s assault on education by providing high school students with a valuable opportunity while helping my students achieve important skills.</subfield>
  </datafield>
  <datafield tag="650" ind1="1" ind2="7">
   <subfield code="a">Philosophy</subfield>
   <subfield code="x">Periodicals.</subfield>
  </datafield>
  <datafield tag="650" ind1="1" ind2="7">
   <subfield code="a">Teaching</subfield>
   <subfield code="x">Periodicals.</subfield>
  </datafield>
  <datafield tag="700" ind1="1" ind2=" ">
   <subfield code="a">Vitale, S.</subfield>
  </datafield>
  <datafield tag="773" ind1="0" ind2=" ">
   <subfield code="a">Teaching Philosophy.</subfield>
   <subfield code="g">vol. 42, 4. (Dec. 2019).</subfield>
  </datafield>
  <datafield tag="773" ind1="0" ind2=" ">
   <subfield code="a">https://doi.org/10.5840/teachphil20191025114.</subfield>
  </datafield>
  <datafield tag="942" ind1=" " ind2=" ">
   <subfield code="a">Analytics</subfield>
  </datafield>
 </record>
</collection>
